Offshore finančné centrá a pranie špinavých peňazí

Offshore finančné centrá ako významná súčasť medzinárodného finančného systému. Hodnotenie jednotlivých offshore centier. Offshore centrá a pranie špinavých peňazí.

Na minha lista:
Detalhes bibliográficos
Autor principal: Jančíková, Eva, 1960-
Formato: Capítulo de Livro
Idioma:eslovaco
Assuntos:
Tags: Adicionar Tag
Sem tags, seja o primeiro a adicionar uma tag!

MARC

LEADER 00000naa a2200000 4500
001 0119822
005 20240502072334.1
041 0 |a slo 
044 |a SK 
245 1 0 |a Offshore finančné centrá a pranie špinavých peňazí  |c Eva Jančíková 
520 |a Offshore finančné centrá ako významná súčasť medzinárodného finančného systému. Hodnotenie jednotlivých offshore centier. Offshore centrá a pranie špinavých peňazí. 
610 2 0 |a bankovníctvo 
610 2 0 |a offshoring 
610 2 0 |a pranie špinavých peňazí 
610 2 0 |a raje daňové 
610 2 0 |a tajomstvo bankové 
100 1 |a Jančíková, Eva, 1960-